Stratégia vzdelávania poradcov diplomová práca

Gespeichert in:
Bibliographische Detailangaben
1. Verfasser: Hula, Róbert, 1992-
Körperschaft: Obchodná fakulta EU. Katedra marketingu
Weitere Verfasser: Hanuláková, Eva, 1964-
Format: Buch
Sprache:Slowakisch
Veröffentlicht: Bratislava 2020
Tags: Tag hinzufügen
Keine Tags, Fügen Sie das erste Tag hinzu!

MARC

LEADER 00000nbm a2200000 4500
001 0266266
005 20201006134718.6
041 0 |a slo 
044 |a SK 
245 1 0 |a Stratégia vzdelávania poradcov  |b diplomová práca  |c Róbert Hula ; školiteľ: Eva Hanuláková 
264 1 |a Bratislava  |c 2020 
300 |a 69 s. 
100 1 |a Hula, Róbert, 1992- 
700 1 |a Hanuláková, Eva, 1964- 
710 2 |a Obchodná fakulta EU. Katedra marketingu